000 00581nam a2200193Ia 4500
003 GCL
008 140319s9999 xx 000 0 ara d
040 _aGCL /
_cGCL
082 0 4 _a813.01
_bى ب
100 1 _aيوسف ادريس
245 1 0 _aالبحث عن السادات /
_cيوسف ادريس
260 _a[S.N] :
_bالمنشأة العامة للنشر والتوزيع والاعلان ،
_c1984
490 _a
650 0 4 _aالعصر الحديث
650 0 4 _aمصر
650 0 4 _aالاحوال السياسية
650 0 4 _aالتاريخ
942 _2ddc
_cBK
999 _c30416
_d30416